Movement of values in freehold urban districts (Record no. 99732)

MARC details
000 -LEADER
fixed length control field 00857cam a22002055a 4500
001 - CONTROL NUMBER
control field ##J100645
008 - FIXED-LENGTH DATA ELEMENTS--GENERAL INFORMATION
fixed length control field 000000s1895 000 0 eng u
035 ## - SYSTEM CONTROL NUMBER
System control number (Sirsi) u100645
041 0# - LANGUAGE CODE
Language code of text/sound track or separate title eng
050 04 - LIBRARY OF CONGRESS CALL NUMBER
Classification number 333.33 $2 18
110 2# - MAIN ENTRY--CORPORATE NAME
Corporate name or jurisdiction name as entry element Surveyors' Institution
9 (RLIN) 3783
245 00 - TITLE STATEMENT
Title Movement of values in freehold urban districts
Remainder of title with special reference to Leeds
260 ## - PUBLICATION, DISTRIBUTION, ETC.
Place of publication, distribution, etc. Leeds
Name of publisher, distributor, etc. Alf Cooke
Date of publication, distribution, etc. 1895
300 ## - PHYSICAL DESCRIPTION
Extent 15p.
Dimensions 21cm.
520 ## - SUMMARY, ETC.
Summary, etc. Read before the Yorkshire Branch of the Surveyors' Institution by John Hepper in Leeds on the 7th of October 1895. The paper discusses price rates, with supporting statistics, for the years 1875, 1882, 1889 and 1895. Reference is made to property sales and land values in Leeds in the appendix.
651 #4 - SUBJECT ADDED ENTRY--GEOGRAPHIC NAME
Geographic name Great Britain
Chronological subdivision 1707-
690 ## - LOCAL SUBJECT ADDED ENTRY--TOPICAL TERM (OCLC, RLIN)
Topical term or geographic name as entry element PROPERTY-PROPERTY MARKET
700 1# - ADDED ENTRY--PERSONAL NAME
Personal name Hepper, John
942 ## - ADDED ENTRY ELEMENTS (KOHA)
Suppress in OPAC 0
Holdings
Withdrawn status Lost status Source of classification or shelving scheme Damaged status Not for loan Home library Current library Shelving location Date acquired Total Checkouts Full call number Barcode Date last seen Copy number Price effective from Koha item type
    Dewey Decimal Classification     Historic collection Historic collection RICS Boxes 21/10/1999   RICS 1895/3 30059597 06/08/2019 1 06/08/2019 Archive